Historia Rosji - Statystyki

Ogólne statystyki
  • Ten quiz został rozwiązany 3 079 razy
    3 077 od ostatniego zresetowania
  • Średni wynik to 14 z 20
Statystyki odpowiedzi
Wskazówka Odpowiedź % Poprawnych
Faktyczny lider Rosji od 2000 r. Władimir Putin
98%
Półwysep zajęty przez Rosję w 2014 r. Półwysep {Krymski}
96%
Drugi dyktator ZSRR, zbrodniarz wojenny Józef Stalin
95%
Pierwszy komunistyczny lider Rosji Radzieckiej Włodzimierz Lenin
91%
Państwo najechane w 2008 r. Gruzja
86%
"Wielka" cesarzowa Rosji {Katarzyna} II Wielka
86%
Francuski cesarz, który najechał Rosję w 1812 r. Napoleon Bonaparte
86%
Organizacja polityczno-wojskowa państw bloku wschodniego z dominującą rolą ZSRR, założona w 1955 r. Układ {Warszawski}
84%
Państwo najechane w 1979 r. Afganistan
74%
Rosyjski rodzaj obozów pracy, istniejący od 1930 r. Gułag
68%
Pierwszy sztuczny satelita Ziemi Sputnik 1
64%
Pierwszy demokratycznie wybrany prezydent Borys Jelcyn
61%
Grupa etnograficzna, która w XIII wieku podbiła większą część obecnej Rosji Mongołowie
60%
Komunistyczna frakcja, która zyskała znaczenie w 1917 r. Bolszewicy
58%
Ostatnia dynastia carska Romanowowie
55%
Car, który przeniósł stolicę do Petersburga Piotr I Wielki
54%
Pierwszy car Iwan IV Groźny
44%
Autor powieści "Wojna i pokój" Lew Tołstoj
42%
Rodzaj zależności w społeczeństwie feudalnym, któryzostał zniesiony w 1861 roku Poddaństwo
33%
Gród warowny lub twierdza sytuowana w obrębie miast ruskich Kreml
28%
Nie znaleziono quizów pasujących do podanych kryteriów
Rozkład punktacji
Procent ludzi z każdym wynikiem
Percentyl według liczby udzielonych odpowiedzi
Twoja historia wyników
Nie rozwiązałeś tego quizu od ostatniego zresetowania